| 000 | 00313nam a2200109 u 4500 | ||
|---|---|---|---|
| 005 | 20210219155806.0 | ||
| 008 | 070926s2004 r 000 0 eng d | ||
| 035 | _aUPN01000152353 | ||
| 245 | 0 | 0 |
_aA class over time (geometry/spatial sense) _b/ _cPBSMATHLINE. |
| 260 |
_a[S.l.] : _bPBSMATHLINE, _c[s.a.]. |
||
| 905 | _aAu | ||
| 999 |
_c124476 _d124476 |
||